| 000 | 00419nam a2200157Ia 4500 | ||
|---|---|---|---|
| 005 | 20250402215456.0 | ||
| 008 | 240331s9999 xx 000 0 und d | ||
| 082 |
_bSIV _a894 |
||
| 100 | _aSivathamby, K | ||
| 245 | 0 | _aThamilil ilakkiya varalaru | |
| 260 |
_aChennai _bNewcentury book House Pvt Ltd _c1988 |
||
| 300 | _a292 p ., | ||
| 650 | _aLiterary History | ||
| 650 | _aTamil Historiographical Analysis | ||
| 942 | _cL | ||
| 999 |
_c3831 _d3831 |
||